Statistiques concernant Pays d'Asie par forme de drapeau

Cliquez ici pour prendre le quiz!

Statistiques générales

  • Ce quiz a été pris 112 fois
    (102 depuis la dernière actualisation)
  • Le résultat moyen est 35 sur 48

Statistiques - réponses

Réponse% Correct
Israël
97%
Inde
94%
Turquie
93%
Corée du Sud
91%
Iran
87%
Viêt Nam
87%
Arabie Saoudite
86%
Cambodge
86%
Japon
86%
Kazakhstan
86%
Bangladesh
83%
Chine
83%
Indonésie
83%
Malaisie
83%
Sri Lanka
83%
Bhoutan
78%
Qatar
78%
Thaïlande
78%
Azerbaïdjan
77%
Arménie
75%
Singapour
75%
Chypre
72%
Géorgie
72%
Liban
72%
Irak
71%
Taïwan
71%
Turkménistan
71%
Birmanie
70%
Corée du Nord
70%
Laos
70%
Ouzbékistan
70%
Émirats arabes unis
68%
Brunei
67%
Syrie
67%
Jordanie
64%
Pakistan
64%
Mongolie
62%
Philippines
62%
Bahreïn
61%
Koweït
59%
Timor oriental
59%
Népal
58%
Oman
57%
Yémen
57%
Kirghizistan
55%
Tadjikistan
55%
Afghanistan
52%
Maldives
41%

Distribution des résultats

Percentile par nombre de réponses

% des personnes avec chaque résultat

Votre développement - résultats

Vous n’avez pas pris ce quiz depuis la dernière actualisation